| 000 | 00470nam a22001817a 4500 | ||
|---|---|---|---|
| 003 | PILC | ||
| 005 | 20160129105728.0 | ||
| 008 | 130918t xxu||||| |||| 00| 0 eng d | ||
| 050 |
_aE 185.97 _b.K99 1958 |
||
| 082 |
_aFIC _bK99w 1958 |
||
| 100 |
_aKytle, Elizabeth _920766 |
||
| 245 |
_aWillie mae _cElizabeth Kytle |
||
| 260 |
_aNew York : _bSignet Books, _cc1958. |
||
| 300 |
_a142 p. : _c18 cm. |
||
| 650 |
_aFiction. _9746 |
||
| 942 |
_2lcc _cBK |
||
| 999 |
_c11625 _d11625 |
||